Čeští vědci v exilu
| Titel: | Čeští vědci v exilu / Karel Pacner ; František Houdek ; Libuše Koubská |
|---|---|
| Verfasser: | |
| Beteiligt: | ; |
| Ausgabe: | Vyd. 1. |
| Veröffentlicht: | Praha : Karolinum, 2007 |
| Umfang: | 359 S. : Ill. |
| Format: | Buch |
| Sprache: | Tschechisch |
| ISBN: | 9788024614120 |
| Hinweise zum Inhalt: |
Inhaltsverzeichnis
|
alg: 19927597 001A $03004:12-06-08 001B $06055:01-03-26 $t18:48:51.000 001C $03004:01-10-08 $t17:20:08.000 001D $03004:01-10-08 001U $0utf8 001X $00 002@ $0Aau 003@ $0199275971 003O $0219449646 $aOCoLC 004A $A978-80-246-1412-0 007A $0199275971 $aHEB 007G $0DE020620291FB00A719F6C1257A9F004D8F74 007T $0Herdhh199275971 009P $qapplication/pdf $A2 $3Inhaltsverzeichnis $uhttp://scans.hebis.de/HEBCGI/show.pl?19927597_toc.pdf $mV:DE-603;B:DE-Mb50 010@ $acze 011@ $a2007 021A $aČeští vědci v exilu $hKarel Pacner ; František Houdek ; Libuše Koubská 028A $D20220215 $Ecgwrk $713722737X $8Pacner, Karel$Z1936-2021 [Tp1] $9208865969 028B/01 $7 $8Houdek, František [Tnd] $9221712291 028B/02 $7 $8Koubská, Libuše [Tnx] $9167071939 032@ $aVyd. 1. 033A $pPraha $nKarolinum 034D $a359 S. 034M $aIll. 039U $8--Aox--Lorencová, I.. Pacner, Karel. Čeští vědci v exilu. - Praha : Karolinum. - 2007 [Rezension], 2008 $9395208319 044K $RAuswanderung $REinwanderung $RVerbannung $#Exile $#Exiles $#Exilés $#Exil $#Emigration $#Exil $#Exil $#Exilanten $#Emigration Exil $D20251120 $Ecgmnf $74015959-0 $8Exil [Ts1] $9085037370 044K $RTschechin $#Czechs $#Tchèques $#Tschechen $#Tscheche $#Tschechen $#Czechs $D20251120 $Ecgmnf $74061083-4 $8Tschechen [Ts1] $9085169609 044K $RGelehrter $RWissenschaftlerin $#Scientists $#Scholars $#Scientifiques $#Savants $#Chercheurs $#Scienziati $#Científicos $#scientists $#Wissenschaftler $#Wissenschaftler $#Wissenschaftler/Forscher $#Forscher $#Wissenschaftler Elite $#Wissenschaftliche Elite $D20251120 $Ecgmnf $74066567-7 $8Wissenschaftler [Ts1] $908518716X 045F $a370.9437 $eDDC23BSB 045F/01 $a370.9 045F/03 $g437 045G $a909 $eDDC23BSB 045G/01 $a909 045G/03 $f0904 045G/03 $g437 045H $a306.09437 $eDDC23BSB 045H/01 $a306.09 045H/03 $g437 045I $a929.094371 $eDDC23BSB 045I/01 $a929 045I/03 $g4371 lok: 19927597 24 101B $001-10-08 $t17:20:08.000 101C $001-10-08 101U $0utf8 145Z/01 $a22 15 A 145Z/02 $a22 15 B 145Z/03 $a22 7 Od 145Z/04 $a22 3 G exp: 19927597 24 1 #EPN 201B/01 $001-10-08 $t17:20:08.000 201C/01 $012-06-08 201U/01 $0utf8 203@/01 $0545087260 208@/01 $a01-10-08 $bz 209A/01 $a08.4283 $du $f050 $h08 4283 $x00 209C/01 $a08.4283 K $h08 4283 K 209G/01 $a71797821 $x00 220C/01 $akon 247C/01 $8358050-7Marburg, Bibliothek des Herder-Instituts Marburg $9102600961 lok: 19927597 78 exp: 19927597 78 1 #EPN 201B/01 $026-11-17 $t00:17:04.000 201U/01 $0utf8 203@/01 $0793299969 208@/01 $a12-11-16 $be 209A/01 $a/ $f000 $x00 244Z/01 $2Trx $8--Trx--Monographie $x01 $9391384546 244Z/01 $#Tschechien $#Tschechische Republik $#Tschechien $#Tschechische Republik $#Tschechenland $#Tschechei Tschechien $#Česká Republika $#Czech Republic $#ČR $74303381-7 $8--Tg1--Tschechien $x02 $9086659812 244Z/01 $2Trx $#Böhmen $#Bohemia $#Czechy $8--Trx--Čechy $x03 $9391188941 244Z/01 $aGeschichte 1948-1989 $x04 244Z/01 $2Trx $#pagendus $#išeivija $#exile $#számüzetés $#wychodźstwo $#exil $#exil $8--Trx--Exil $x05 $9391369601 244Z/01 $2Trx $#teadlased üldiselt $#mokslo darbuotojai $#scientists $#tudós $#naukowcy ogólnie $#vedci všeobecne $#vědci všeobecně $8--Trx--Wissenschaftler$gallgemein $x06 $9391379038 244Z/01 $2Trx $#biograafiad mitme isiku $#biografijos kelių asmenų $#collective biographies $#életrajzok több személy $#biografie więcej osób $#biografie viac osôb $#biografie více osob $8--Trx--Biographien$gmehrere Personen $x07 $9391365304 245Z/01 $a12.01 $x01 247C/01 $82080>Marburg/Lahn, Herder-Institut, Forschungsbibliothek, Bibliographieportal $9336309341
| LEADER | 00000cam a2200000 c 4500 | ||
|---|---|---|---|
| 001 | 199275971 | ||
| 003 | DE-603 | ||
| 005 | 20260301184851.0 | ||
| 007 | tu | ||
| 008 | 080612s2007 xx |||| | u00||u|cze c | ||
| 020 | |a 9788024614120 | ||
| 035 | |a (DE-599)HEB199275971 | ||
| 035 | |a (OCoLC)219449646 | ||
| 040 | |a DE-603 |b ger |c DE-603 |d DE-603 | ||
| 041 | |a cze | ||
| 082 | 0 | 4 | |8 1\u |a 370.9437 |q DE-101 |2 23/BSB |
| 083 | 0 | |8 2\u |a 909 |q DE-101 |2 23/BSB | |
| 083 | 0 | |8 3\u |a 306.09437 |q DE-101 |2 23/BSB | |
| 083 | 0 | |8 4\u |a 929.094371 |q DE-101 |2 23/BSB | |
| 085 | |8 1\u |b 370.9 | ||
| 085 | |8 1\u |z 2 |s 437 | ||
| 085 | |8 2\u |b 909 | ||
| 085 | |8 2\u |z 1 |s 0904 | ||
| 085 | |8 2\u |z 2 |s 437 | ||
| 085 | |8 3\u |b 306.09 | ||
| 085 | |8 3\u |z 2 |s 437 | ||
| 085 | |8 4\u |b 929 | ||
| 085 | |8 4\u |z 2 |s 4371 | ||
| 100 | 1 | |a Pacner, Karel |d 1936-2021 |0 (DE-603)208865969 |0 (DE-588)13722737X |2 gnd | |
| 245 | 0 | 0 | |a Čeští vědci v exilu |c Karel Pacner ; František Houdek ; Libuše Koubská |
| 250 | |a Vyd. 1. | ||
| 264 | 1 | |a Praha |b Karolinum |c 2007 | |
| 300 | |a 359 S. |b Ill. | ||
| 650 | 7 | |a Exil |0 (DE-588)4015959-0 |0 (DE-603)085037370 |2 gnd | |
| 650 | 7 | |a Tschechen |0 (DE-588)4061083-4 |0 (DE-603)085169609 |2 gnd | |
| 650 | 7 | |a Wissenschaftler |0 (DE-588)4066567-7 |0 (DE-603)08518716X |2 gnd | |
| 700 | 1 | |a Houdek, František |0 (DE-603)221712291 | |
| 700 | 1 | |a Koubská, Libuše |0 (DE-603)167071939 | |
| 787 | 0 | 8 | |i Rezensiert in |a Lorencová, I. |t Pacner, Karel. Čeští vědci v exilu. - Praha : Karolinum. - 2007 [Rezension] |w (DE-603)395208319 |
| 856 | 4 | 2 | |m V:DE-603;B:DE-Mb50 |q application/pdf |u http://scans.hebis.de/HEBCGI/show.pl?19927597_toc.pdf |3 Inhaltsverzeichnis |
| 924 | 0 | |9 Mb 50 |a (DE-603)545087260 |b DE-Mb50 |c HES |d c |g 08.4283 | |
| 924 | 0 | |9 2080 |a (DE-603)793299969 |b DE-2080 |c HES |d d |g / | |


